Handbook of applied cryptography

Αποθηκεύτηκε σε:
Λεπτομέρειες βιβλιογραφικής εγγραφής
Κύριος συγγραφέας: Menezes, A. J.
Μορφή: Βιβλίο
Έκδοση: Routledge
Ετικέτες: Προσθήκη ετικέτας
Δεν υπάρχουν, Καταχωρήστε ετικέτα πρώτοι!

MARC

LEADER 00000nam a2200000Ia 4500
005 20260515061614.0
100 |a Menezes, A. J. 
020 |a 9781138385979 
942 |c BK 
245 |a Handbook of applied cryptography  
260 |b Routledge 
999 |c 6  |d 6 
952 |0 0  |1 0  |4 0  |7 0  |a ABDN  |b ABDN  |d 2026-05-15  |l 0  |p 000043  |r 2026-05-15 06:16:14  |w 2026-05-15  |y BK